书目信息 |
| 题名: |
中华体育竞赛手册
|
|
| 作者: | ;江苏省体育运动委员会 编 | |
| 分册: | ||
| 出版信息: | 南京 江苏人民出版社 1986 |
|
| 页数: | 405页 | |
| 开本: | 20cm | |
| 丛书名: | ||
| 单 册: | ||
| 中图分类: | G812.2-62 | |
| 科图分类: | ||
| 主题词: | 竞赛规则--中国--手册 , 体育事业--世界 | |
| 电子资源: | ||
| ISBN: | ||
| 000 | 00737nam0 2200253 45 | |
| 001 | 0186007440 | |
| 005 | 20040508083338.6 | |
| 010 | @dCNY2.70 | |
| 091 | @a17100.067 | |
| 100 | @a19951027d1986 em y0chiy0121 ea | |
| 101 | 0 | @achi |
| 102 | @aCN@b320000 | |
| 105 | @ay z 000yy | |
| 106 | @ar | |
| 200 | 10 | @a中华体育竞赛手册@Azhong hua ti yu jing sai shou ce@f江苏省体育运动委员会编 |
| 210 | @a南京@c江苏人民出版社@d1986 | |
| 215 | @a405页@d20cm | |
| 606 | @a竞赛规则@y中国@x手册 | |
| 606 | 0 | @a体育事业@x世界 |
| 690 | @aG812.2-62 | |
| 711 | 02 | @a江苏省体育运动委员会@4编@Ajiang su sheng ti yu yun dong wei yuan hui |
| 801 | 0 | @aCN@b深圳图书馆@c20040508 |
| 801 | 2 | @aCN@bNLC@c20040508 |
| 905 | @f2@b232576-577@dG812.2-62@e29 | |
| 中华体育竞赛手册/江苏省体育运动委员会编.-南京:江苏人民出版社,1986 |
| 405页;20cm |
| ISBN :CNY2.70 |
| ● |
| 相关链接 |
|
|
|
|
正题名:中华体育竞赛手册
索取号:G812.2-62/29
 
预约/预借
| 序号 | 登录号 | 条形码 | 馆藏地/架位号 | 状态 | 备注 |
| 1 | 0232576 | 000997167 | 密集书库/ [索取号:G812.2-62/29] | 在馆 | |
| 2 | 0232577 | 000997158 | 密集书库/ [索取号:G812.2-62/29] | 在馆 | |
| 3 | 0232578 | 000997096 | 密集书库/ [索取号:G812.2-62/29] | 在馆 |